=LDR 00000nam 2200000 4500 =001 INLIS000000000025666 =005 20130612124146 =008 ***********************************Ind** =035 ##$$0010-061300000025666 =041 ##$$a Ind =082 ##$$a 92 =090 ##$$a 92, Mak k =100 ##$$a Makka, makmur =245 ##$$a Kisah-kisah semenit BJH Bacharuddin Jusuf Habibie, Makmur Makka =260 ##$$a 1966 $b Jakarta =300 ##$$a 99 hlm, 18 cm =650 ##$$a Kisah BJH bibie =850 ##$$a NBPNMAT